Doing business in Brazil..

Bibliographic Details
Format: Book
Published: Salas: Department de promocao commercial, 1993.
Subjects:
LEADER 00433cam a2200157 7i4500
001 0000003768
005 19991025090000.0
002 ##000005163
020 0 0 |a T000004584  
090 0 0 |a BRAZ 338.7   |b DOI 
245 0 0 |a Doing business in Brazil.. 
260 0 0 |a Salas:   |b Department de promocao commercial,   |c 1993. 
300 0 0 |a 81 p.. 
650 0 0 |a Business --   |z Brazil  
651 0 0 |a Brazil  
999 |a 0000005797  |b Book  |c Open shelf  |e Business Information Centre